<?xml version="1.0" encoding="UTF-8"?>
<record
    xmlns:xsi="http://www.w3.org/2001/XMLSchema-instance"
    xsi:schemaLocation="http://www.loc.gov/MARC21/slim http://www.loc.gov/standards/marcxml/schema/MARC21slim.xsd"
    xmlns="http://www.loc.gov/MARC21/slim">

  <leader>02068    a2200193   4500</leader>
  <controlfield tag="001">54226</controlfield>
  <controlfield tag="005">20260407155813.0</controlfield>
  <controlfield tag="008">260407a1963    arg                 spa d</controlfield>
  <controlfield tag="003">AR-UNSa-BCEJYS</controlfield>
  <datafield tag="040" ind1=" " ind2=" ">
    <subfield code="a">AR-UNSa-BCEJYS</subfield>
    <subfield code="b">spa</subfield>
    <subfield code="c">AR-UNSa-BCEJYS</subfield>
  </datafield>
  <datafield tag="080" ind1=" " ind2=" ">
    <subfield code="a">336.7</subfield>
    <subfield code="x">Moneda. Sistema monetario. Banca. Bolsa</subfield>
  </datafield>
  <datafield tag="245" ind1="1" ind2="0">
    <subfield code="a">Econom&#xED;a del dinero y de la banca</subfield>
  </datafield>
  <datafield tag="264" ind1=" " ind2="1">
    <subfield code="a">Barcelona :</subfield>
    <subfield code="b">Bosch</subfield>
    <subfield code="c">1963</subfield>
  </datafield>
  <datafield tag="300" ind1=" " ind2=" ">
    <subfield code="a">652 p.</subfield>
    <subfield code="c">23 cm.</subfield>
  </datafield>
  <datafield tag="505" ind1=" " ind2=" ">
    <subfield code="a">1. Funciones y servicios del dinero - 2. El dinero, la renta y el gasto - 3. El dinero y los precios - 4. El dinero mercanc&#xED;a, el dinero de pleno contenido y el dinero signpo - 5. El dinero bancario - 6. El control estatal y el volumen de medios de pago - 7. Las ecuaciones monetarias - 8. El dinero y los n&#xFA;meros &#xED;ndices - 9. La velocidad de circulaci&#xF3;n del dinero - 10. Objetivos de la pol&#xED;tica monetaria - 11. La tesorer&#xED;a y la pol&#xED;tica monetaria - 12. La reserva federal - 13. Los bancos comerciales - 14. El proceso de expansi&#xF3;n m&#xFA;ltiple del cr&#xE9;dito - 15. El dinero y la banca en los EE.UU antes de 1914 - 16. La creaci&#xF3;n del sistema de la reserva federal -  17. La estructura del sistema de la reserva federal - 19. Bienes de capital, fondos prestables y tipo de inter&#xE9;s - 20. La demanda y la oferta de fondos prestables - 21. Los instrumentos y el mercado del cr&#xE9;dito - 22. Las instituciones de cr&#xE9;dito - 23. Los niveles de renta - 24. El multiplicador y el principio de aceleraci&#xF3;n - 25. Las fluctuaciones econ&#xF3;micas - 26. Las fases del ciclo - 27. La pol&#xED;tica fiscal - 28. Los problemas de la inflaci&#xF3;n - 29. Los pagos internacionales - 30. Los precios, la renta nacional y la balanza de pagos - 31. El mecanismo de los flujos de oro - 32. El tipo de cambio de equilibrio - 33. Patolog&#xED;a de los pagos internacionales - 34. Las lecciones del per&#xED;odo de interguerras - 35. El Fondo Monetario Internacional - 36. El Banco Internacional de reconstrucci&#xF3;n y fomento - 37. Hacia la convertibilidad - 38. </subfield>
  </datafield>
  <datafield tag="942" ind1=" " ind2=" ">
    <subfield code="c">BK</subfield>
  </datafield>
  <datafield tag="590" ind1=" " ind2=" ">
    <subfield code="a">niveau_biblio:m niveau_hierar:0</subfield>
  </datafield>
  <datafield tag="100" ind1="1" ind2=" ">
    <subfield code="a">Halm, Geroge Nikolaus</subfield>
  </datafield>
  <datafield tag="999" ind1=" " ind2=" ">
    <subfield code="c">5397</subfield>
    <subfield code="d">5397</subfield>
  </datafield>
  <datafield tag="952" ind1=" " ind2=" ">
    <subfield code="0">0</subfield>
    <subfield code="1">0</subfield>
    <subfield code="4">0</subfield>
    <subfield code="7">0</subfield>
    <subfield code="a">BCEJYS</subfield>
    <subfield code="b">BCEJYS</subfield>
    <subfield code="c">16</subfield>
    <subfield code="d">2026-04-07</subfield>
    <subfield code="l">0</subfield>
    <subfield code="o">336.7 H194</subfield>
    <subfield code="p">L24621</subfield>
    <subfield code="r">2026-04-07 15:58:13</subfield>
    <subfield code="w">2026-04-07</subfield>
    <subfield code="y">L</subfield>
  </datafield>
  <datafield tag="952" ind1=" " ind2=" ">
    <subfield code="0">0</subfield>
    <subfield code="1">0</subfield>
    <subfield code="4">0</subfield>
    <subfield code="7">0</subfield>
    <subfield code="a">BCEJYS</subfield>
    <subfield code="b">BCEJYS</subfield>
    <subfield code="c">16</subfield>
    <subfield code="d">2026-04-07</subfield>
    <subfield code="l">0</subfield>
    <subfield code="o">336.7 H194</subfield>
    <subfield code="p">L24622</subfield>
    <subfield code="r">2026-04-07 15:58:13</subfield>
    <subfield code="w">2026-04-07</subfield>
    <subfield code="y">L</subfield>
  </datafield>
</record>
